| 000 | 00777cab a2200265 4500 | ||
|---|---|---|---|
| 001 | WB3518-03 | ||
| 008 | 090401t1999 xxu||||| |||| 00| 0 eng d | ||
| 035 | _a(Sirsi) u93299 | ||
| 041 | _aeng | ||
| 245 | _aPublic sector to snub architects | ||
| 260 | _c1999 | ||
| 350 | _a0 | ||
| 490 |
_aBuilding Design _v(1394) 7 May 1999, 1(1) |
||
| 520 | _aThe construction industry is concerned that government guidelines for procurement will mean the architect is bypassed in favour of the named contractor. | ||
| 650 | _aARCHITECTS | ||
| 650 | _aCONTRACTORS | ||
| 650 | _aPRIME CONTRACTING | ||
| 650 | _aPRIVATE SECTOR | ||
| 650 | _aProcurement-old | ||
| 650 | _aPUBLIC SECTOR | ||
| 650 | _aRIBA | ||
| 690 | _aBUILT ENVIRONMENT | ||
| 942 | _n0 | ||
| 948 | _c12/05/1999 | ||
| 999 |
_c59143 _d59143 |
||